La Indústria de les indianes a Barcelona : 1730 - 1850 / Àlex Sánchez, coordinador 1730 - 1850 / Àlex Sánchez, coordinador
ISBN:
1135-3058
Descripción Física:
330 p. ; 24 cm
Colección:
Barcelona quaderns d'història ; 17
Otros Autores:
Sánchez, Àlex, coord
MARC
| LEADER | 00000nam a2200000Ia 4500 | ||
|---|---|---|---|
| 001 | 23599 | ||
| 008 | 160829s2011 xx 000 0 cat d | ||
| 020 | |a 1135-3058 | ||
| 080 | |a H-3-136 | ||
| 245 | |a La Indústria de les indianes a Barcelona : |b 1730 - 1850 / Àlex Sánchez, coordinador | ||
| 260 | |a Barcelona : |b Arxiu Històric de la Ciutat de Barcelona : |b Ajuntament de Barcelona, |c 2011 | ||
| 300 | |a 330 p. ; |c 24 cm | ||
| 490 | |a Barcelona quaderns d'història ; 17 | ||
| 590 | |a A la portada: Seminari d'Història de Barcelona. | ||
| 650 | |a Indianes (Teles) |x Barcelona |x Història |x S. XVIII/XIX |9 48997 | ||
| 650 | |a Indústria tèxtil |x Barcelona |x Història |x S. XVIII/XIX |9 48998 | ||
| 700 | |a Sánchez, Àlex, coord. |9 48999 | ||
| 710 | 1 | |a Barcelona (Catalunya). |b Ajuntament |9 50981 | |
| 710 | 2 | |a Arxiu Municipal de Barcelona |9 55021 | |
| 901 | |a Arxiu | ||
| 942 | |n 1 | ||
| 952 | |0 0 |1 0 |4 0 |6 H3136 |7 1 |9 55028 |a Arxiu |b Arxiu |d 2012-08-21 |l 0 |o H-3-136 |p 23599 |r 2016-12-01 00:00:00 |w 2016-12-01 |y ARXIU | ||
| 999 | |c 58898 |d 58898 | ||